000 00891nam a2200229 i 4500
001 bg
245 0 0 _aInformacje, zarządzanie, decyzje :
_bVII Konferencja z cyklu Komputerowe Systemy Wielodostępne KSW'2001, Bydgoszcz-Ciechocinek 2001.
260 _aBydgoszcz :
_bZakład Informatyki Stosowanej. Akademia Techniczno-Rolnicza,
_c[2001].
300 _a178 s. :
_bil. ;
_c24 cm.
500 _aNazwa wydawcy w cop. - Tekst częśc. ang., niem. Streszcz. ang. przy ref.
504 _aBibliogr. przy ref.
650 9 _aInformacja dla zarządzania
_xkomputeryzacja
650 9 _aSystemy informatyczne
_xstosowanie
_xgospodarka
655 _aMateriały konferencyjne
020 _a8390859971 (całość)
040 _cBPK
041 0 _aplende
_ben
080 _a658.1/.5.012.4:004](061)
920 _a83-908599-7-1 (całość)
942 _cKS
008 s pl f |000 0 pol
999 _c42440
_d42440